000 00493nam a22001697a 4500
005 20251108165900.0
008 250721s9999 xx 000 0 ara d
082 1 4 _aم/636.1/احم
100 1 _aسبانو، أحمد غسان
245 1 0 _aالحصان العربي و خيول العالم /
264 1 _aدمشق :
_bدار الكتاب العربي،
_c[19-].
300 _a309ص : مص
650 1 7 _aالخيل
650 1 7 _aالفروسية
942 _2ddc
_cREF
999 _c33810
_d33810